000 00881nam a2200277 i 4500
001 16253
003 ES-MaACL
005 20250831030001.0
007 t|
008 000821s1999 sp |||| | spa d
020 _a84-239-9745-6
080 _a323.17(417):282
080 _a222(417)
100 1 _aO'Brien, Conor Cruise.
_986280
245 1 0 _aVoces ancestrales
_b: religión y nacionalismo en Irlanda /
_cConor Cruise O'Brien ; prólogo de Jon Juaristi.
260 _aMadrid :
_bEspasa-Calpe,
_c[1999]
300 _a290 p. ;
_c23 cm.
490 1 _aEspasa fórum
650 1 4 _aNacionalismo-
_zIrlanda.
_9166447
650 1 4 _aIglesia y Estado-
_zIrlanda
_913566
650 4 _aNacionalismo-
_xAspectos religiosos.
_9166446
700 1 _aJuaristi, Jon,
_d1951-
_967169
830 0 _aEspasa fórum
_9179708
852 _aES-MaACL
_jL-23481
999 _c16253
_d16253